Homenaje al capitán general de Cataluña / Sam
Publicado:
San Jorge, núm. 75 (3r trimestre 1969), pàg. 35 :
MARC
| LEADER | 00000nam a2200000Ia 4500 | ||
|---|---|---|---|
| 001 | |||
| 008 | 160829s9999 xx 000 0 cat d | ||
| 100 | |a Sam |9 21611 | ||
| 245 | |a Homenaje al capitán general de Cataluña / Sam | ||
| 260 | |a San Jorge, núm. 75 (3r trimestre 1969), pàg. 35 | ||
| 650 | |a Pérez Viñeta, Alfonso |9 21475 | ||
| 650 | 0 | |a Homenatges |9 21383 | |
| 901 | |a Arxiu | ||
| 942 | |n 1 | ||
| 952 | |0 0 |1 0 |4 0 |7 1 |9 49473 |a Arxiu |b Arxiu |d 2016-12-01 |l 0 |r 2016-12-01 00:00:00 |w 2016-12-01 |y ARXIU | ||
| 999 | |c 53315 |d 53315 | ||